Paises, pero todas sus vocales fueron cambiadas por O - Estadísticas

Estadísticas generales
  • Esta prueba ha sido intentada 259 veces
  • La puntuación promedio es 15 de 16
Estadísticas de respuestas
Poos País % Correcto
Brosol Brasil
100%
Ponomo Panama
100%
Costo Roco Costa Rica
99%
Ospoño España
99%
Chono China
98%
Donomorco Dinamarca
98%
Mocodonoo dol norto Macedonia del norte
98%
Nocorogoo Nicaragua
98%
Mozomboqoo Mozambique
97%
Sodofroco Sudafrica
97%
Lobono Libano
96%
Ozbokoston Uzbekistan
94%
Oostroloo Australia
93%
Somoloo Somalia
93%
Toolondoo Tailandia
93%
Orlondo Irlanda
91%
No se encontraron pruebas coincidentes
Distribución de puntuación
Porcentaje de gente con cada puntuación
Porcentaje por número respondido
Historial de tus puntuaciones
No has intentado esta prueba.